MDQL
is popping MORE tags! Check the
thread
!
Quizzes
Events
Quiz Creation
Community
Videos
Private Events
Remove Ads
Sign In
Join for FREE
Feedback
Dark Mode
Quiz Categories
Sports
Geography
Music
Movies
Television
Just For Fun
Miscellaneous
History
Literature
Language
Science
Gaming
Entertainment
Religion
Holiday
For Kids
Quiz Lab
Recent
Popular Today
Quiz Kudos Today
Editor Picks
Curator Picks
Quizzes by...
Day
Popularity
Type
Ratings
Length
Year
Community
Subscriptions
Recent Discussions
Orange Saloon
Badges
Playlists
Quests
Create
Leaderboards
Showdown
Live 5
Trivia Bingo
Activity
Puzzle Library
Sporcle Events
Private Events
Virtual Trivia
Globe League
Become a Host
Pub Owners
SporcleCon
Opinionation
Our Games
Videos
Blog
Mobile Apps
Partnerships
Remove Ads and Go Orange
Feedback
Music
Pop Music
The Beatles
Song
Album
Lyrics
Bands
Singers
Artist
Clip
Rock
Rap
Classical
Billboard
Country Music
Kpop
Taylor Swift
Music
Pop Music
The Beatles
Song
Album
Lyrics
Bands
Singers
Artist
Clip
Rock
Rap
Classical
Billboard
Country Music
Kpop
Taylor Swift
Random Quiz
Search Sporcle
×
Editor Pick
Editor Pick
Music
Clip
Type in answers that appear in a list
Type in answers that appear in a list
Classic
Best Score? Go Orange.
Halloween Themed Songs (clips) Stats
Can you name the Halloween Themed Song Clips?
By
esjaygee
18m
40 Questions
1,973 Plays
1,973 Plays
1,973 Plays
Comments
Comments
Give Quiz Kudos
Give Quiz Kudos
-
- Ratings
hide this ad
More Info
Replay
Link that replays current quiz
Next Quiz
Link to next quiz in quiz playlist
You Got
0%
They Got
Avg Score
46%
Avg Friend Score
Upgrade to see
Score Distribution
Jump to the score distribution portion of the page
Score
0/40
Timer
18:00
0
Plays Today
Time
Song
% Correct
0.56
Ghostbusters
87.4%
0.18
Monster
87.1%
4.07
Thriller
83.6%
2.20
The Monster Mash
82.7%
2.53
The Addams Family
80.9%
0.24
Batman
80.7%
3.26
Scooby Doo
71.1%
0.10
Zombie
70.4%
4.38
Hotel California
69.7%
3.01
Twilight Zone
69%
1.04
Halloween Theme Main Title
68.7%
1.49
Highway to Hell
66.1%
3.41
I Want Candy
64.3%
2.13
The Devil Went Down To Georgia
62.6%
4.47
(Don't Fear) The Reaper
60%
3.49
This Is Halloween
57.3%
0.41
Werewolves Of London
56.3%
2.28
Witch Doctor
54.8%
3.17
The Munsters
54.5%
1.13
Tubular Bells (The Exorcist)
48.3%
Time
Song
% Correct
2.36
Purple People Eater
47.6%
4.30
Black Magic Woman
47.3%
4.15
Somebody's Watching Me
44.1%
1.23
Friday the 13th
43.8%
1.57
Bat Out Of Hell
38.8%
0.48
She Wolf
38.6%
2.45
I Put a Spell on You
37.2%
0.32
Spiderman
32.7%
1.40
Runnin' With the Devil
30.9%
3.34
Casper the Friendly Ghost
28.9%
3.10
The Walking Dead
21.5%
2.05
Hell
19.9%
1.31
Carol Anne's Theme (Poltergeist)
15.3%
5.23
The Gonk (Dawn of the Dead)
8.6%
5.14
Re: Your Brains
8%
4.56
Undead
7.9%
0.00
Chase (Midnight Express)
5.9%
3.57
Every Day Is Halloween
4.5%
4.22
Spellbound
2.7%
5.04
Zombies Ate My Neighbors
2.5%
Quiz Playlist
Details
Report
Send in Message
Add To Playlist
More Info:
Can you guess the name of these Halloween related songs? Some answers take movie or TV show titles as well.
Classic:
Type in answers that appear in a list
Quiz Source
Last Updated: Sep 16, 2022
Editor Pick in
Music
Curator Pick in
Holiday Songs
Quiz Scoreboard
CHALLENGE
Sign Up to Join the Scoreboard
Show All
Scores
Hide
Comments
May contain spoilers
Recently Published
Colored Red Africa Blitz
by spor1
Geography
30s
Find the 'City' Movie
by crazypaving
Movies
60s
5x2 Blitz: Bands
by SL_Kpop136
Music
30s
More to Explore
Quiz From the Vault
Featured Blog Post
14 Easter Pick-up Lines to Find Eggs With
hide this ad
You Might Also Like...
Tags
Clip Quiz
Halloween Quiz
Holiday Songs Quiz
Song Quiz
Audio Quiz
Halloween Havoc
Music Clip
Today's Top Quizzes in Music
Browse Music
hide this ad
Today's Top Quizzes in Clip
Browse Clip
Top Contributed Quizzes in Music
1
5X2 Blitz: Bands II
2
5X2 Blitz: The Beatles
3
Taylor Swift All Songs (2024)
4
5X2 Blitz: Billboard
5
Taylor Swift Logic Puzzle II
6
5X2 Blitz: Billboard II
7
Taylor Swift Logic Puzzle
8
5X2 Blitz: Rock
9
5X2 Blitz: Singers
10
5X2 Blitz: Album
Explore More
Trending Topics
NBA
Marvel
Disney
Kpop
Harry Potter
Crossword
Anime
Pokémon
Song
The Office
Country
NFL
Soccer
WWE
Puzzle
hide this ad
More By:
esjaygee
Quiz
Plays
Rating
Category
Featured
Created
1980's Top 40 Countdown (clips)
6,341
4.41
Music
Jul 4, 2011
80s music clips - 4 songs per year (clips)
5,967
4.75
Music
Feb 24, 2011
1990s music - 5 songs each year (clips)
4,284
4.70
Music
Mar 12, 2011
Bands/artists starting with 'A' (clips)
721
4.38
Music
Mar 11, 2011
Bands containing numbers (clips)
414
4.00
Music
Mar 4, 2011
Go to Creator's Profile
Score Distribution
Quiz Creator Spotlight
esjaygee
Follow
Send a Message
Quizzes Created
-
Created Quiz Play Count
-
More By This Creator
Popular Quizzes Today
1
Colored Red Africa Blitz
2
Find the 'City' Movie
3
5x2 Blitz: Bands
4
Find the US States - No Outlines Minefield
5
The Countries of the World
6
Find the US States
7
US States
8
Find the Countries of Europe - No Outlines Minefield
More Music Quizzes
70's Songs Missing 'A' Words
Curator's Pick
Trending Quizzes
Colored Red Europe Blitz I
Colored Red Africa Blitz II
Colored Red Europe Blitz II
Colored Red Africa Blitz III
Colored Red Europe Blitz III
Recently Updated
How Do You Spell That?
pecheneg
Godzilla Movies
pecheneg
Grab Bag: 4-10 Letters
pecheneg
2024 March Madness Bracket
pecheneg
Famous TV Couples
Peacemaker
Champions League XIs: Real Madrid
pecheneg
Largest US Cities 1790-2010
pecheneg
Rides in Walt Disney World
pecheneg
Most Oscar Losses (Acting)
pecheneg
Beyoncé Albums
pecheneg
Trending Topics
Anime
Marvel
Harry Potter
Kpop
Crossword
Disney
NBA
NFL
Song
WWE
Puzzle
Country
Soccer
Pokémon
The Office
Your Account Isn't Verified!
In order to create a playlist on Sporcle, you need to verify the email address you used during registration. Go to your
Sporcle Settings
to finish the process.
Report this User
Report this user for behavior that violates our
Community Guidelines
.
Details:
Send Report
Go to the Sporcle.com Mobile Site →
Comments